| 000 | 00887nam a2200241 u 4500 | ||
|---|---|---|---|
| 005 | 20231128063707.0 | ||
| 008 | 170511s2016 r 000 0 eng d | ||
| 020 | _a9786071638977 | ||
| 035 | _aUPN01000217629 | ||
| 049 | _aCG | ||
| 050 | 4 |
_aGV1627 _bS7.2 |
|
| 100 | 1 |
_aStresser-Péan, Guy _940324 |
|
| 245 | 1 | 3 |
_aLa danza del volador entre los indios de México y América Central / _cGuy Stresser Péan ; tr. Mario Zamudio Vega. |
| 260 |
_aMéxico : _bFCE : _bCEMCA, _c2016. |
||
| 300 |
_a336 p. : _bil., mapas |
||
| 440 | 0 | _aSección de obras de antropología | |
| 534 |
_pTítulo original: _tLa danse du volador : chez les indiens du mexique et de l'Amérique Centrale |
||
| 650 | 4 |
_aDANZA FOLKLORICA - _zMEXICO _919530 |
|
| 650 | 4 |
_aIndígenas de México _xDanzas _918270 |
|
| 650 | 4 |
_aIndígenas de México _xRitos y ceremonias _98538 |
|
| 905 | _aLibro | ||
| 999 |
_c189729 _d189729 |
||